000
00314nam a2200121 a 4500
005
20141022142003.0
008
100826s19uu xx 00 eng d
050
_a
VCD
_b
COM3 2003
245
_a
COMMUNICATION SKILLS :
_b
dealing with customer.
650
_a
VCD MC
650
_a
Dealing with customer
942
_c
AVM
999
_c
276410
_d
276410